000 00593nam a2200241Ia 4500
003 OSt
005 20220918174605.0
006 a|||||r|||| 00| 0
007 ta
008 220917b |||||||| |||| 00| 0 eng d
024 _a12,998
037 _cTextual
040 _aARTS
_cARTS
_beng
041 _2eng
_aeng
082 _aN5:R, K8
100 _aCarra Massimo
_951010
245 0 _aMetaphysical art
260 _aLondon
_bThames and Hudson
_c1968
300 _a216p.
_ccm.
650 _aARTS
942 _hN5:R, K8
_cTEXL
_2CC
999 _c153822
_d153822